[Event "Capablanca Memorial Elite 34th"]
[Site "Havana"]
[Date "1999.05.13"]
[Round "6"]
[White "Slobodjan, Roman"]
[Black "Nogueiras Santiago, Jesus"]
[Result "1-0"]
[WhiteElo "2536"]
[BlackElo "2540"]
[Annotator "Finkel,A"]
[PlyCount "77"]
[EventDate "1999.05.??"]
[EventType "tourn"]
[EventRounds "13"]
[EventCountry "CUB"]
[EventCategory "12"]
[SourceTitle "CBM 071"]
[Source "ChessBase"]
[SourceDate "1999.08.01"]
[SourceVersion "1"]
[SourceVersionDate "1999.08.01"]
[SourceQuality "1"]

1. e4 Nf6 2. e5 Nd5 3. d4 d6 4. Nf3 Bg4 5. Be2 e6 6. O-O Be7 7. c4 Nb6 8. Nc3
O-O 9. Be3 Nc6 10. exd6 cxd6 11. b3 d5 12. c5 Bxf3 (12... Nd7 13. h3 (13. b4
Nxb4 (13... f5 14. b5 Na5 15. Rc1 Bf6 16. Qa4 Rc8 17. h3 Bxf3 18. Bxf3 $14 {
Schulz,J-Gietl,T/Bayern-chB 1981}) (13... a6 14. Rb1 Bf6 15. h3 Bxf3 16. Bxf3
b6 17. Na4 Qc7 18. Be2 $14 {Kiefer,G-Juergensen,M/BL8182 1982}) 14. Qb3 (14.
Rb1 Nc6 15. Rxb7 Rb8 16. Rxb8 Ndxb8 17. h3 Bxf3 18. Bxf3 Qa5 19. Qd3 Bf6 20.
Rb1 $14 {Tal,M-Vasiukov,E/URS-ch35}) 14... Nc6 15. Qxb7 Rc8 16. Rfd1 Qa5 17.
Rac1 Rfd8 18. a4 $14 {Keres,P-Flores Alvarez,R/Santiago 1957}) 13... Bxf3 14.
Bxf3 b6 15. cxb6 Qxb6 16. Qd2 Rac8 17. Ne2 Ba3 $36 {Evans,L-Marachi/Siegen olm
1970}) 13. Bxf3 Nc8 14. Be2 (14. Qd2 Bf6 15. Rfd1 N8e7 16. Bg4 g6 17. Nb5 h5
18. Bh3 a6 19. Nd6 b6 20. Rac1 Rb8 21. b4 $14 {Rosandic,D-Kovacevic,V/Zagreb
Vukovar 1993}) (14. b4 a6 15. Qb3 Bf6 16. Rad1 N8e7 17. Bg4 g6 18. Ne2 Kh8 19.
g3 h5 20. Bh3 h4 21. f4 $14 {Gulbrandsen,A-Heiberg,T/NOR-ch 1984}) (14. Rb1 Bf6
15. b4 a6 16. a4 N8e7 17. Ne2 Nf5 18. Qd3 b6 19. Rfc1 $14 {Vlassov,N-Orlinkov,
M/Moscow op 1994}) 14... Bf6 15. Bb5 $5 {It's hard to believe that white can
get an opening advantage with such manouvre!} N8e7 16. Ne2 Qa5 $6 ({Better was
} 16... Nf5 17. Bd3 (17. Bxc6 Nxe3 18. fxe3 bxc6 19. b4 a5 20. a3 Rb8 21. Rb1
axb4 22. axb4 e5 $15) 17... Nxe3 18. fxe3 e5 19. Bf5 Re8 $132 {and black is
the one who fights for opening advantage.}) 17. Bd3 e5 18. a3 $5 {Temporarely
sacrifising a pawn white gets time to regroup the pieces.} exd4 (18... e4 19.
b4 Qd8 20. Bc2 Nf5 21. Qd2 Nxe3 22. fxe3 Bg5 23. Bb3 Ne7 24. Nf4 Qd7 25. Rf2
$14) 19. b4 Qd8 20. Bc1 Ne5 ({Also after} 20... Qd7 21. Bb2 Qg4 22. b5 Ne5 23.
h3 $1 (23. Nxd4 Qxd1 24. Rfxd1 Rac8 25. Rac1 Nxd3 26. Rxd3 Rfe8 $11) 23... Qh4
24. Bxd4 (24. Nxd4) 24... Rfe8 (24... Nf3+ $2 25. gxf3 Bxd4 26. Nxd4 Qxd4 27.
Bxh7+ $1 $18) 25. Rc1 $14 {White has some pressure.}) 21. Bb2 N7c6 22. Nxd4
Nxd3 (22... Nxd4 $6 23. Bxd4 Nxd3 (23... Nf3+ $2 24. Qxf3 Bxd4 25. Bxh7+ $18)
24. Qxd3 Bxd4 25. Qxd4 $14 {[%csl Rd5]}) 23. Qxd3 Ne5 24. Qb3 Nc4 25. Bc3 a5 ({
Serious attention deserved} 25... Bxd4 $5 26. Bxd4 Qh4 (26... Nd2 $2 27. Qg3 f6
28. Rfe1 $16) 27. Rad1 (27. Qc3 f6 28. b5 Rfe8 29. a4 Re4 30. Rad1 Rc8 $13)
27... Rfe8 28. Ba1 Rad8 29. Qa4 Qe7 $132 {with counterchanses.}) 26. Rfd1 Re8
27. Nf3 axb4 (27... a4 28. Qc2 h6 29. h3 Bxc3 30. Qxc3 $14 {[%csl Rd5]}) 28.
axb4 Rxa1 29. Bxa1 Bxa1 30. Rxa1 g5 $2 {Self-distruction!There was no need in
such a drastic measures.After logical} (30... b6 $5 31. c6 b5 32. Nd4 Qb6 33.
Qc3 g6 34. h3 $14 {black is doing just fine.}) 31. h3 h5 32. Qc3 $1 g4 33. Nh2
gxh3 (33... Qg5 34. hxg4 hxg4 35. Qd4 $1 {[%csl Rd5,Rg4]} g3 $8 (35... Re4 $4
36. Ra8+ $18) 36. Nf3 $1 (36. Ng4 $6 gxf2+ 37. Kxf2 Nd2 $1 38. Kg1 Ne4 39. Ne3
Nf6 $132) 36... gxf2+ 37. Kxf2 Qe3+ 38. Qxe3 Nxe3 39. Ra7 {[%csl Rb7]} Nd1+ 40.
Kg3 Rb8 41. Kf4 $16 {[%csl Rd5][%cal Gf4c7]}) 34. Qxh3 Qg5 35. Rd1 {[%cal
Gh2f3]} Nd2 (35... Rd8 36. Nf3 Qg6 37. Rd4 $16 {[%csl Rh5][%cal Gd4h4]}) 36.
Nf3 Nxf3+ 37. Qxf3 Rd8 38. Rd4 Qe5 (38... Kg7 $5) 39. Rh4 1-0

[Event "RUS-chT 09th Group1"]
[Site "Ekaterinburg"]
[Date "2002.05.22"]
[Round "6"]
[White "Aseev, Konstantin N"]
[Black "Tomashevsky, Evgeny"]
[Result "1-0"]
[WhiteElo "2579"]
[BlackElo "2452"]
[Annotator "Finkel,A"]
[PlyCount "89"]
[EventDate "2002.05.17"]
[EventType "team-tourn"]
[EventRounds "7"]
[EventCountry "RUS"]
[SourceTitle "CBM 090"]
[Source "ChessBase"]
[SourceDate "2002.09.20"]
[SourceVersion "1"]
[SourceVersionDate "2002.09.20"]
[SourceQuality "1"]
[WhiteTeam "Sankt Petersburg Lentransgaz"]
[BlackTeam "Saratov GShK"]
[WhiteTeamCountry "RUS"]
[BlackTeamCountry "RUS"]

1. e4 Nf6 2. e5 Nd5 3. d4 d6 4. Nf3 Bg4 5. Be2 e6 6. O-O Be7 7. c4 Nb6 8. h3
Bh5 9. Nc3 O-O 10. Be3 N8d7 11. b3 (11. exd6 cxd6 12. b3 d5 13. c5 Nc8 14. b4
Bf6 15. Rc1 a6 16. Qb3 Bxf3 17. Bxf3 Ne7 18. a4 Nf5 $13 {1/2-1/2 Grosar,A-Hug,
W/Bad Woerishofen 1993/CBM 34 (18)}) 11... a6 (11... Qb8 12. Bf4 Rd8 13. Qc2
Nf8 14. Qb2 Ng6 15. Bh2 Bxf3 16. Bxf3 dxe5 17. dxe5 c6 18. Rae1 $14 {
Grigoriants,S-Guseinov,K/Moscow 1998}) (11... Rb8 12. exd6 cxd6 13. Qd2 Nf6 14.
Rac1 a6 15. g4 Bg6 16. Bd3 Bxd3 17. Qxd3 Rc8 18. Nh2 $14 {Minasian,
A-Mnatsakanian,E/Yerevan 1994}) 12. Rc1 (12. exd6 cxd6 13. Nd2 Bxe2 14. Qxe2
Re8 15. f4 Bf8 16. a4 Nf6 17. Qf3 Qc7 18. Rac1 Nbd7 19. g4 g6 $132 {Acs,
P-Appel,R/Budapest 1996}) (12. a4 dxe5 13. Nxe5 Bxe2 14. Qxe2 Nxe5 15. dxe5 Nd7
16. Rad1 Qe8 17. f4 Nc5 18. Bxc5 Bxc5+ 19. Kh1 Qc6 $11 {Ostermeyer,P-Appel,R/
Germany 1993}) 12... Bxf3 $6 {Giving up the bishop to trade the pawn on b7 for
white pawn on e5, however black knight on b6 remains out of the game. which
evantually costs black a point.} (12... dxe5 13. Nxe5 Bxe2 14. Qxe2 Nxe5 15.
dxe5 Nd7 16. Rfd1 Qc8 17. Qh5 Rd8 18. Ne4 Nf8 $11 {Chandler,M-Appel,R/Germany
1998}) 13. Bxf3 $14 dxe5 (13... Rb8 14. exd6 cxd6 15. Qe2 $14) 14. Bxb7 exd4
15. Bxd4 c5 16. Be3 Ra7 17. Bf3 Bg5 (17... Ne5 18. Be4 f5 19. Bc2 Rd7 20. Qe2
$14) 18. Qe2 Bxe3 19. Qxe3 Qc7 $6 (19... Qe7 20. Rfd1 Nf6 21. Rd2 Rd7 22. Rxd7
Nbxd7 23. Rd1 $16) 20. Rfd1 Nf6 21. Rd2 Qe7 22. Rcd1 $16 {White's control over
the d-file deprives black of any counter-play.} Rc8 (22... e5 23. Rd6 Nbd7 24.
Bc6 $16) 23. Qe5 $5 Ne8 24. g3 h6 25. h4 Kf8 26. Rd3 Kg8 (26... Rd7 27. Ne4
Rxd3 28. Rxd3 Nd7 29. Qc3 f5 30. Nd2 $16 {[%csl Ra6][%cal Gf3b7,Gc3a5]}) 27.
R1d2 Kf8 28. Kg2 Kg8 29. Qe3 Rac7 30. Rd1 Ra7 31. Qd2 $1 {Preparing
penitration of the rook.} Rcc7 (31... Kf8 32. Ne4 {[%cal Gd2a5,Ge4d6]}) 32. Ne4
{[%cal Gd2a5]} a5 33. Nc3 {[%cal Gc3b5]} Rd7 34. Bc6 $1 {Giving up his
beutiful bishop the black knight on e8!} Rxd3 35. Qxd3 Rc7 36. Bxe8 Qxe8 37.
Qd8 Qxd8 38. Rxd8+ Kh7 39. Rd6 $1 $18 {[%csl Ra5,Rc5] Now black loses one of
the pawns and white's advantage becomes decisive.} Nd7 (39... Rb7 40. Rc6 Nd7
41. Na4 $18) 40. Ra6 Ne5 41. Rxa5 Kg6 42. Na4 Nd7 43. Kf3 Kf6 44. Ke3 Rc6 45.
Nc3 1-0

[Event "Excelsior Cup"]
[Site "Gothenburg"]
[Date "1998.01.10"]
[Round "4"]
[White "Svensson, Bengt"]
[Black "Gausel, Einar"]
[Result "1/2-1/2"]
[WhiteElo "2390"]
[BlackElo "2555"]
[Annotator "Finkel,A"]
[PlyCount "86"]
[EventDate "1998.01.07"]
[EventType "tourn"]
[EventRounds "9"]
[EventCountry "SWE"]
[EventCategory "9"]
[SourceTitle "CBM 063"]
[Source "ChessBase"]
[SourceDate "1998.03.26"]
[SourceVersion "1"]
[SourceVersionDate "1998.03.26"]
[SourceQuality "1"]

1. e4 Nf6 2. e5 Nd5 3. d4 d6 4. Nf3 Bg4 5. Be2 e6 6. O-O Be7 7. c4 Nb6 8. Nc3
O-O 9. Be3 Nc6 10. exd6 cxd6 11. d5 exd5 12. Nxd5 Nxd5 13. Qxd5 Bf6 14. Qd2 {
This move is considered to be the "main" line of the variation,although I
don't think it gives white any opening advantage.More dangerous for black are
14.Rad1 and 14.Rfd1!?,but even after them black has very good chances to
equalize:} (14. Rad1 $5 Bxb2 15. Qb5 Bf6 16. Qxb7 Rc8 17. h3 Be6 18. Qb5 $14 {
Pacl,V-Kraus/CSR-chT 1992 (35)}) (14. Rfd1 Re8 (14... Rc8 $5 15. Rd2 Qa5 $1 16.
Qxd6 $2 Bxf3 17. Bxf3 Rcd8 18. Qf4 Be5 $1 $17 {Browne,W-Hort,V/San Antonio
1972 (40)}) 15. Rd2 Qe7 16. Rad1 Rac8 17. h3 Be6 18. Qb5 a6 19. Qb6 $1 $14 {
[%csl Rd6] Gruenfeld,Y-Zilberman,Y/Rishon le Zion 1994 (35)}) 14... Re8 {
Another posssibility is} (14... Qa5 15. Rfd1 (15. Qxa5 Nxa5 16. Rab1 Rfe8 $6 (
16... Bxf3 $5) 17. b3 Nc6 18. Rbd1 Rad8 19. h3 Bf5 20. g4 $14 {Borriss,
M-Baburin,A/Berlin open 1992 (35)}) 15... Rfe8 16. h3 Be6 17. Nd4 Qxd2 18. Rxd2
Nxd4 19. Bxd4 Bxd4 20. Rxd4 Bxh3 $11 {Werner,C-Achmitt,A/Bodenseecup tt,
Wasserburg GER 1996 (31)}) 15. Rfd1 $6 {Inaccuracy, after which black easily
solves his opening problems.It was more precise to put other rook on d1,while
this one would be better placed on e1.} (15. Rad1 Re6 16. h3 Bf5 $6 17. b3 Qe7
18. Bd3 Bxd3 19. Qxd3 $14 {Hansen,S-Stojanovski,S/Copenhagen op 1994 (43)})
15... Qe7 16. h3 Bh5 17. Rac1 (17. Qxd6 Bxb2 18. Rab1 Bf6 $11) 17... Rad8 $11
18. Re1 $5 {Admitting the mistake on 15th move.} Qc7 19. b3 Bg6 {Both sides
has maximally improved the position of the pieces and now it is very important
to find a correct plan for the future actions.With his next moves white is
showing that he has nothing against a draw,while black tries somehow to
complicate the matters!} 20. Nh2 Be5 21. Nf3 Be4 $5 (21... Bf6) 22. Red1 h6 23.
b4 (23. Nxe5 dxe5 24. Qb2 Bg6 $5 $132 {[%cal Gf7f4,Ge5e4]} (24... f5 $6 25. f3
f4 26. Rxd8 Rxd8 27. Bxf4 exf4 $1 (27... Bxf3 28. Bg5 $1 hxg5 29. Bxf3 $16 {
[%csl Rg5]}) 28. fxe4 Nd4 29. Kh1 (29. Bf3 $6 Qc5 $1 30. Qf2 Nxf3+ 31. gxf3
Qxf2+ 32. Kxf2 Rd2+ 33. Ke1 Rxa2 34. Rd1 Rb2 $15) 29... Qe5 30. Rd1 Rd7 31. Bg4
$14)) 23... d5 $5 24. Nxe5 Qxe5 25. c5 $6 {Now white has to be carefull to
keep the balance.Deserved attention} (25. cxd5 $5 Rxd5 26. Qe1 (26. Qc3 $2 Qxc3
27. Rxc3 Rxd1+ 28. Bxd1 Nxb4 29. Bxa7 Nxa2 30. Rc7 Bd5 $17) 26... Qb2 (26...
Nd4 $5 27. Rxd4 Rxd4 28. Bxd4 Qxd4 29. Bc4 $11) 27. Bc4 Rdd8 (27... Rxd1 28.
Rxd1 Qxb4 $6 29. Qxb4 Nxb4 30. Rd7 $16 {[%csl Rb7,Rf7][%cal Gd7f7,Gd7b7]}) 28.
Rxd8 Rxd8 29. b5 Ne5 $13) 25... d4 $6 {Missing simple} (25... Bxg2 $5 26. Kxg2
d4 27. Bxh6 Qxe2 (27... gxh6 $6 28. Bf3 Re6 29. b5 Rg6+ 30. Kh1 Qf5 31. Bg2 $14
) 28. Qxe2 (28. Re1 $6 Qh5 $1 29. Bg5 f6 30. Bf4 Ne5 $36) 28... Rxe2 29. Bd2
Ne5 $15 {with better chances.}) 26. Bf4 {Regaining status-quo!} Qf6 27. Bd6
$132 d3 (27... a6 $5 28. a4 Qg6 29. Bf1 (29. f3 $6 Bf5 30. b5 (30. Kh1 Nxb4 $17
) 30... axb5 31. axb5 d3 $3 32. Bxd3 Bxd3 33. Qxd3 Re1+ $1 {[%csl Rd3][%cal
Ge1c1]} 34. Rxe1 Qxd3 35. bxc6 bxc6 $17) 29... d3 $5 (29... Ne5 30. Bxe5 (30.
Kh1 $5) 30... Rxe5 31. Re1 Rg5 32. g3 $13) 30. Bg3 $1 Nd4 $1 31. Rc3 Bf3 $1 32.
Rxd3 Bxd1 33. Qxd1 $44) 28. Bxd3 Bxd3 29. Qxd3 Nxb4 30. Qd2 Nc6 31. Re1 $11 {
Intending to exchange major pieces over the e-file.} Nd4 32. Rcd1 Rxe1+ 33.
Qxe1 (33. Rxe1 $6 Nf5 34. Qa5 Nxd6 35. cxd6 Rxd6 36. Qxa7 Rd2 $15) 33... Nf5
34. Qb4 b6 35. Qa4 $1 {Nice defensive move,depriving black last chanse to get
any benefits from the pin over the d-file.} a5 36. Bc7 Rxd1+ 37. Qxd1 bxc5 38.
Bxa5 Nd4 39. Bc3 Qe5 40. Bxd4 cxd4 41. a4 d3 42. Qxd3 Qa1+ 43. Kh2 Qxa4 1/2-1/2

[Event "RUS-Cup03 Geller Memorial"]
[Site "Moscow"]
[Date "1999.02.13"]
[Round "4"]
[White "Kobalia, Mihail"]
[Black "Nalbandian, Tigran"]
[Result "1-0"]
[WhiteElo "2537"]
[BlackElo "2439"]
[Annotator "Finkel,A"]
[PlyCount "61"]
[EventDate "1999.02.10"]
[EventType "swiss"]
[EventRounds "9"]
[EventCountry "RUS"]
[SourceTitle "CBM 070"]
[Source "ChessBase"]
[SourceDate "1999.06.08"]
[SourceVersion "1"]
[SourceVersionDate "1999.06.08"]
[SourceQuality "1"]

1. e4 Nf6 2. e5 Nd5 3. d4 d6 4. Nf3 Bg4 5. Be2 e6 6. O-O Be7 7. c4 Nb6 8. Nc3
O-O 9. Be3 d5 $6 (9... Nc6 $5) 10. c5 Bxf3 11. gxf3 Nc8 12. f4 Bh4 13. Bd3 g6 (
13... f5 $5 14. exf6 (14. b4 Ne7 15. Kh1 Ng6 16. Qf3 Nd7 17. Ne2 c6 18. a4 a6
19. b5 axb5 20. axb5 Be7 21. Rfc1 $14 {Doring,R-Hasek,V/Klatovy op-A 1997 (42)}
) 14... g6 15. f7+ Kh8 $6 16. Qg4 Qf6 $2 17. Kg2 Qe7 18. Rae1 Bf6 19. Bd2 $16 {
Van der Wiel,J-Bohm,H/NLD-ch 1979 (38)}) 14. f5 $5 (14. Qg4 f5 15. Qh3 Be7 16.
b4 b6 17. a3 (17. Ne2 Qe8 18. a4 Nc6 19. Bd2 a5 20. b5 Nb4 21. Rfc1 Nxd3 22.
Qxd3 Bd8 $13 {Geisler,F-Maus,S/BL9495 1995 (28)}) 17... a5 18. Kh1 axb4 19.
axb4 Rxa1 20. Rxa1 Nc6 21. Ra4 $16 {Gentes,K-Huda,R/CAN-chJ 1987 (34)}) (14.
Kh1 Ne7 15. Rg1 Kh8 16. Qf3 Nbc6 17. a3 Nf5 18. Ne2 b6 19. Rac1 $14 {
Kruszynski,W-Gruen,P/Hamburg op 1984 (42)}) 14... exf5 15. Qf3 c6 (15... Nc6 $6
16. Kh1 Kh8 17. Qf4 Be7 18. Rg1 Rg8 19. Bxf5 $1 $16 {Oral,T-Kantorik,M/SVK-ch
1997 (60)}) 16. Kh1 Kh8 $2 {This variation is very dangerous for black and
that's the reason why the value of each move is extremly high.The last move of
black is inaccuracy after which nothing can save black from the defeat.It was
nssasary to play 16...f6 with complicated struggle:} (16... f6 $5 17. e6 Bg5 $8
18. Rae1 Re8 (18... Ne7 19. Bxg5 fxg5 20. Qg3) 19. Bxf5 $1 gxf5 20. Bxg5 $5 (
20. Qxf5 $1 Ne7 (20... Bxe3 21. Rxe3 Qe7 22. Rg1+ Kh8 23. Rh3 Rg8 (23... Na6
24. Rxh7+ Qxh7 25. Qxf6+) (23... Rf8 24. Ne2 $18 {[%cal Ge2f4,Gf4g6]}) 24.
Rxg8+ Kxg8 25. Ne2 Na6 26. Nf4 Nc7 27. Rg3+ Kf8 (27... Kh8 28. Ng6+ $1 hxg6 29.
Qxg6 $18) 28. Qh3 $1 $18 {[%csl Rf8][%cal Gh3h6]}) 21. Qg4 Kh8 $5 (21... Ng6
22. f4 Bh4 23. Re2 $1 (23. f5 Bxe1 24. fxg6 Qe7 $8 (24... Bxc3 $2 25. gxh7+ Kh8
26. Rg1 Qe7 27. Qg8+ $1 $18) 25. gxh7+ Kh8 26. Bh6 $5 Bxc3 (26... Qxh7 27. Bg7+
$1 Qxg7 28. Qh5+ Qh7 29. Qxe8+ Qg8 30. Qh5+ Qh7 31. Qe2 $1 $18 {[%cal Ge6e8]})
27. Rg1 Qxh7 28. Bg7+ Kg8 $11) 23... f5 24. Qxf5 Bf6 25. Qg4 Kh8 26. f5 $36)
22. f4 $1 (22. Bxg5 fxg5 23. Qxg5 Ng8 $1 $15) 22... Bh6 23. Qh3 Ng8 (23... Bg7
$5) 24. Rg1 Bg7 25. f5 $40 {[%csl Rg7,Rg8][%cal Gg1g4,Ge1g1]}) 20... fxg5 21.
Qxf5 Rf8 22. Qg4 Qf6 23. f4 Qxd4 24. Qxg5+ Kh8 25. f5 $44) 17. Rg1 Na6 $6 (
17... f6 $5) 18. Bxf5 $1 $16 Ne7 ({Immideatly loses} 18... gxf5 19. Bh6 Rg8 20.
Rxg8+ Qxg8 21. Rg1 $18) 19. Bc2 Ng8 (19... f5 20. Qh3 Ng8 21. Ne2 Nc7 22. Nf4
$16 {[%csl Rh4,Rh8]}) 20. Qh3 Nc7 21. Rg4 Be7 22. Rag1 Qd7 (22... Ne6 23. f4
Ng7 24. f5 $18) 23. f4 $1 {White's play is very simple,logical and efficient.
Black is helpless againgt the advance of the f-pawn.} Rae8 24. f5 $18 Bd8 25.
Ne2 b6 26. Nf4 g5 $5 {Permitting white to finish the game in "old" style.} 27.
Qxh7+ $3 Kxh7 28. f6+ Kh6 (28... Kh8 29. Rxg5 Nh6 30. Rh5 $18) 29. Rh4+ $1 gxh4
30. Ne6+ Kh5 31. Bd1# 1-0

[Event "RUS-chT 09th Group1"]
[Site "Ekaterinburg"]
[Date "2002.05.20"]
[Round "4"]
[White "Alekseev, Evgeny V"]
[Black "Kupreichik, Viktor D"]
[Result "1-0"]
[WhiteElo "2567"]
[BlackElo "2466"]
[Annotator "Finkel,A"]
[PlyCount "47"]
[EventDate "2002.05.17"]
[EventType "team-tourn"]
[EventRounds "7"]
[EventCountry "RUS"]
[SourceTitle "CBM 090"]
[Source "ChessBase"]
[SourceDate "2002.09.20"]
[SourceVersion "1"]
[SourceVersionDate "2002.09.20"]
[SourceQuality "1"]
[WhiteTeam "Sankt Petersburg Lentransgaz"]
[BlackTeam "Novokuznetsk"]
[WhiteTeamCountry "RUS"]
[BlackTeamCountry "RUS"]

1. e4 Nf6 2. e5 Nd5 3. d4 d6 4. Nf3 Bg4 5. Be2 Nc6 {Very risky continuation
demanding from black very accurate play.} 6. O-O dxe5 7. Nxe5 Nxe5 8. dxe5 Bf5
(8... Bxe2 9. Qxe2 Qd7 10. c4 Nb4 11. Rd1 Qf5 12. Nc3 Nc6 13. Be3 g6 14. Nb5 $1
Rc8 15. Nxa7 Nxa7 16. Bxa7 $16 {Kindermann,S-Siegel,G/Munich 1993}) 9. c4 (9.
Bg4 Bxg4 10. Qxg4 Qd7 11. Qe2 O-O-O 12. Qf3 Nb4 13. Na3 Qd5 14. Qg4+ e6 15. Bg5
Qd4 $4 16. Rad1 $1 $18 {1-0 Stripunsky,A-Sobolewski,P/Polanica Zdroj 1996/EXT
98 (16)}) 9... Nb6 10. Qb3 (10. Nc3 e6 11. Be3 c6 (11... Be7 12. Qxd8+ Bxd8 13.
g4 Bg6 14. f4 f5 15. exf6 Bxf6 $13 {Korenev,A-Panchenko,A/Belgorod 1991}) 12.
Qb3 Qc7 13. f4 Nd7 14. Na4 Be7 15. Bf3 O-O 16. Rfd1 Kh8 17. Rd2 $14 {Diamant,
T-Dudas,P/HUN 1998}) 10... e6 $6 {After this move black is in troubles. More
logical was} (10... Qd4 11. Be3 Qxe5 12. Rd1 $1 (12. c5 $6 Be6 13. Qb4 a5 14.
Qa3 Nd5 $17) 12... Be4 13. Nc3 Bc6 14. c5 Nd7 15. Nb5 $36 {[%csl Ra7,Rc7][%cal
Gf2f4] even though white keeps very dangerous initiative.}) 11. Rd1 (11. Be3
Qc8 12. Bf3 Rb8 13. Nc3 Be7 14. Nb5 O-O 15. Nxa7 $16 {Miklosi,A-Lutring,A/HUN
1997}) 11... Qe7 (11... Qh4 12. c5 $1 Bxc5 $140 13. Qb5+ $18) 12. Nc3 g5 $2 {
Overoolikng white's 14th move.} (12... c6 $5) 13. Bf3 c6 14. Nb5 $1 $18 {
[%cal Gb5d6] Taking the knight leads completely winning position for white,
that's why black is forced to play} Bh6 (14... cxb5 15. Qxb5+ Nd7 16. Bxg5 $1
a6 17. Qxb7 Rb8 18. Qc6 $18 {[%csl Rd7]}) 15. Nd6+ Kf8 16. Be3 Qc7 17. Nxf5
exf5 18. Bc5+ Kg7 19. Bd6 Qc8 20. c5 Nd7 21. Bh5 $1 {[%csl Rf7] Winning a pawn
since queen is an only piece which can take caare of f7.} Qe8 22. Bxf7 $1 Qxf7
23. e6 Qf6 24. exd7 1-0

[Event "Alushta"]
[Site "Alushta"]
[Date "1999.03.10"]
[Round "8"]
[White "Svetushkin, Dmitry"]
[Black "Nosenko, Alexander"]
[Result "1-0"]
[WhiteElo "2471"]
[BlackElo "2433"]
[Annotator "Finkel,A"]
[PlyCount "60"]
[EventDate "1999.03.03"]
[EventType "tourn"]
[EventRounds "11"]
[EventCountry "UKR"]
[EventCategory "10"]
[SourceTitle "CBM 070"]
[Source "ChessBase"]
[SourceDate "1999.06.08"]
[SourceVersion "1"]
[SourceVersionDate "1999.06.08"]
[SourceQuality "1"]

1. e4 Nf6 2. e5 Nd5 3. d4 d6 4. Nf3 Bg4 5. Be2 Nc6 $6 {Dubious variation fully
passing the initiative into white's hands.} 6. e6 $1 fxe6 (6... Bxe6 $2 7. c4
Ndb4 8. d5 Bf5 9. Na3 e5 10. dxc6 Nxc6 11. O-O $16 {Wieder,H-Muellen,J/RLPF-ch
1990 (29)}) 7. c3 {One of a few good continuations.} (7. O-O $5 Qd7 8. c4 Nf6
9. Nc3 g6 10. d5 exd5 11. cxd5 Nd8 12. h3 Bxf3 13. Bxf3 Bg7 14. Re1 O-O 15. Qb3
$44 {Mestel,A-Kindl,P/Groningen op 1989 (61)}) (7. Ng5 $5 Bxe2 8. Qxe2 Nxd4 9.
Qd1 (9. Qe4 c5 10. Nxh7 Nf6 11. Nxf6+ exf6 12. Qg6+ Kd7 13. Na3 Qe8 $17 {
Balla,Z-Kostic,B/Budapest 1921}) 9... h6 10. Nxe6 Nxe6 11. Qxd5 Qc8 12. Qh5+
Kd8 13. O-O Nd4 14. Qd1 $44 {Eberth,Z-Dede,E/Cseppko op 1997 (38)}) 7... Qd7 8.
O-O Nf6 9. Re1 Bf5 ({Also after immideate castle} 9... O-O-O $6 10. Ng5 $1 Bxe2
11. Qxe2 Rg8 12. Nxe6 Re8 13. c4 $14 {black is in troubles.}) (9... h6 $5) 10.
Na3 h6 11. Nh4 $1 O-O-O (11... Bh7 12. Bc4 $5 (12. Bh5+ $6 Nxh5 13. Qxh5+ Kd8
14. Ng6 Rg8 15. Nc4 e5 $1 $132) 12... Be4 13. f3 Bd5 14. Ng6 Rg8 15. Bd3 Nd8
16. c4 Bc6 17. Qe2 $16) 12. Nxf5 exf5 13. d5 Ne5 14. f4 Nf7 $2 {This move
strangely enough is losing by force!It ws nessasary to play} (14... Ng6 $8 {
with highly unpleasent,but defendable position.}) 15. Bb5 $1 $40 c6 16. dxc6
bxc6 17. Ba6+ Kc7 {Now we can see the difference between the positions of the
knight on g6 and on f7.} (17... Kb8 $2 18. Qb3+ $18 {[%cal Gb3b8,Gb3f7]}) 18.
Qb3 d5 19. Qb7+ Kd6 20. Qb4+ Kc7 ({Nothing changes} 20... c5 21. Nb5+ Kc6 22.
Re6+ $3 Qxe6 (22... Nd6 23. Rxd6+ $1 Qxd6 (23... exd6 24. Nd4+ cxd4 25. Qb5+
Kc7 26. Qb7#) 24. Nd4+ $1 cxd4 25. Qb5+ Kc7 26. Qb7#) 23. Nxa7+ Kd7 24. Qb5+
Kc7 25. Qb7+ Kd6 26. Qc6#) 21. Be3 e5 (21... Rb8 22. Qa5+ Rb6 23. Bd3 Qc8 24.
Qxa7+ (24. Bxb6+ axb6 25. Qa7+ Qb7 26. Qxb7+ Kxb7 27. Bxf5 $16) 24... Rb7 25.
Bb6+ Kd6 (25... Kd7 26. Bxf5+ $18) 26. Nb5+ $1 cxb5 27. Qa3+ Kd7 28. Bxf5+ $18)
22. Qb7+ Kd6 23. fxe5+ Nxe5 24. Bf4 Ne4 25. Nc4+ $1 $18 {The last touch!Black
loses a piece getting nothing in return.} Ke6 (25... dxc4 26. Rad1+ Ke6 27.
Rxd7 Rxd7 28. Bxc4+ Nxc4 29. Qb3 Bc5+ 30. Kf1 Kf6 31. Qxc4 $18) 26. Nxe5 Qxb7
27. Bxb7 Bc5+ 28. Kf1 g5 29. Nd3 $1 gxf4 30. Nxc5+ Kd6 1-0